Регионална библиотека "Любен Каравелов" - Русе

Пиеси за пионерска сцена (Запис номер 141800)

MARC детайли
000 -Лидер
Контролно поле с фиксирана дължина 04039nam a2200529 a 4500
003 - Код на организацията, давaща контролен номер
Контролно поле BLK
005 - Дата и час на последна редакция
Контролно поле 20250307132839.0
008 - Елементи от данни с фиксирана дължина
fixed length control field 180409b bul|||||r ||||||| ||bul||
010 ## - Наследен системен номер
LC control number KNG00147874000
040 ## - Източник на каталожния запис
Идентификатор на билиотеката - собственик на записа BLK
041 ## - Код за език
Код за езика на текст/звукозапис или на отделно заглавие Български
Код за езика КДБФ Български
080 ## - УДК
Текстов определител УДК Българска литература
УДК код - определител по УДК 821.163.2
УДК определител -93-2
УДК - код + определител 821.163.2-93-2
139 ## - Редно поле
Редна дума Пиеси за пионерска сцена
Авторски знак Пи - П 51
245 10 - Сведения за заглавието
Заглавие Пиеси за пионерска сцена
Редно поле (дума) ред. Асен Иванов Босев; * Георги Иванов Авгарски; * Димитър Василев Точев; * Вера Георгиева Стоименова; * Дора Дионисиева; * Веселин Дионисиев; * Васил Павлов Станилов; * Васил Иванов Стоянов; * Трайко Симеонов; * Самуил Яковлевич Маршак; * Асен Траянов; * Нейчо Николов Попов; * Енчо Христов Багаров; * Георги Костов; * Веселана Манафова; * Иван Шиваров; * Авенир Зак; * Исай Кузнецов.
257 ## - Страна на издаване
Страна на създаване/издаване България
260 ## - Област на издателските данни
Име на издателя, разпространителя и проч. М-во на просв. и културата
Година на издаване 1960
Място на издаване, разпространение и проч. София
300 ## - Физическа характеристика
Страници 155 с.
Размери/Мащаб 25 см
380 ## - Жанр
Жанр Детска худож. лит.
500 ## - Общи забележки
Забележка Безпл. прил. на сп. Пионерски ръководител. Съдържа : Митко Палаузов / Георги Авгарски. Немирното зайче и хитрата лисица / Димитър Точев. Умното хлебарче / Вера Стоименова. Чудната свирка / Дора Дионисиева, Веселин Дионисиев. Хитрините на Лиско / Васил Станилов. Отгатнете / Васил Иванов Стоянов. Миленка / Трайко Симеонов. Ако / Самуил Яковлевич Маршак, драм. Асен Траянов. Колектив Искаме мир / Нейчо Попов, Енчо Багаров, Асен траянов. Моментална фотография / Георги Костов. Три вълшебни думи - три вълшебни ключа / Веселана Манафова, Иван Шиваров. Приказка за приказките / Авенир Зак, Исай Кузнецов, прев. Асен Траянов.
653 ## - Ключова дума – ненормативна
Ключова дума детска литература
653 ## - Ключова дума – ненормативна
Ключова дума пиеси за деца
700 1# - Други автори (авторска отговорност)
Лично име Босев, Асен Иванов
Автороска отговорност (Описва отношението между автора и произведението) ред.
9 (RLIN) 363513
700 1# - Други автори (авторска отговорност)
Лично име Авгарски, Георги Иванов
Автороска отговорност (Описва отношението между автора и произведението) *
9 (RLIN) 364746
700 1# - Други автори (авторска отговорност)
Лично име Точев, Димитър Василев
Автороска отговорност (Описва отношението между автора и произведението) *
9 (RLIN) 370368
700 1# - Други автори (авторска отговорност)
Лично име Стоименова, Вера Георгиева
Автороска отговорност (Описва отношението между автора и произведението) *
9 (RLIN) 375675
700 1# - Други автори (авторска отговорност)
Лично име Дионисиева, Дора
Автороска отговорност (Описва отношението между автора и произведението) *
9 (RLIN) 327475
700 1# - Други автори (авторска отговорност)
Лично име Дионисиев, Веселин
Автороска отговорност (Описва отношението между автора и произведението) *
9 (RLIN) 379553
700 1# - Други автори (авторска отговорност)
Лично име Станилов, Васил Павлов
Автороска отговорност (Описва отношението между автора и произведението) *
9 (RLIN) 365419
700 1# - Други автори (авторска отговорност)
Лично име Стоянов, Васил Иванов
Автороска отговорност (Описва отношението между автора и произведението) *
9 (RLIN) 367533
700 1# - Други автори (авторска отговорност)
Лично име Симеонов, Трайко
Автороска отговорност (Описва отношението между автора и произведението) *
Друга информация Симеонов, Трифон Стоянов
9 (RLIN) 367526
700 1# - Други автори (авторска отговорност)
Лично име Маршак, Самуил Яковлевич
Автороска отговорност (Описва отношението между автора и произведението) *
9 (RLIN) 376552
700 1# - Други автори (авторска отговорност)
Лично име Траянов, Асен
Автороска отговорност (Описва отношението между автора и произведението) *
9 (RLIN) 377340
700 1# - Други автори (авторска отговорност)
Лично име Попов, Нейчо Николов
Автороска отговорност (Описва отношението между автора и произведението) *
9 (RLIN) 327476
700 1# - Други автори (авторска отговорност)
Лично име Багаров, Енчо Христов
Автороска отговорност (Описва отношението между автора и произведението) *
9 (RLIN) 327477
700 ## - Други автори (авторска отговорност)
Лично име Костов, Георги
Дати, свързани с автора 1941 - 2024
Друга информация Композитор
Пълна форма на името Георгиев, Георги Костов
9 (RLIN) 373168
700 1# - Други автори (авторска отговорност)
Лично име Манафова, Веселана
Автороска отговорност (Описва отношението между автора и произведението) *
9 (RLIN) 379554
700 1# - Други автори (авторска отговорност)
Лично име Шиваров, Иван
Автороска отговорност (Описва отношението между автора и произведението) *
9 (RLIN) 327478
700 1# - Други автори (авторска отговорност)
Лично име Зак, Авенир
Автороска отговорност (Описва отношението между автора и произведението) *
9 (RLIN) 327479
700 1# - Други автори (авторска отговорност)
Лично име Кузнецов, Исай
Автороска отговорност (Описва отношението между автора и произведението) *
9 (RLIN) 327480
852 ## - Местоположение
Форматна сигнатура Цб 262133
856 4# - Електронен адрес и достъп
Електронен формат pdf - файл
Инструкция (цена за достъп) 0.00
Права за достъп disable
856 4# - Електронен адрес и достъп
Електронен формат pdf - файл
Инструкция (цена за достъп) 0.00
Права за достъп disable
999 ## - СИСТЕМНИ КОНТРОЛНИ НОМЕРА
Koha biblionumber 141800
Koha biblioitemnumber 141800
942 ## - АРТИКУЛИ
Вид на библиотечния материал Книги
Скрит в OPAC Не
Периодичен библиозапис Да
944 ## - СЪЗДАВАНЕ И РЕДАКЦИЯ на ЗАПИСА
Създаване/Редакция Създаване
Дата на регистрацията/редакция 31.07.2013
Статус, дата на статуса Геновева Генчева
Служител, извършил регистрацията/редакцията 30560
944 ## - СЪЗДАВАНЕ И РЕДАКЦИЯ на ЗАПИСА
Създаване/Редакция Редакция
Дата на регистрацията/редакция 31.07.2013
Статус, дата на статуса 31.07.2013 - от С1,Р / 31.07.2013
999 ## - СИСТЕМНИ КОНТРОЛНИ НОМЕРА
Koha biblioitemnumber 141800
Наличности
Код за отписване Код за изгубен артикул Източник на класификационната схема Код за повреда Коз за рестрикции Код за отдаване Артикулен № Име на библиотеката - собственик Име на библиотеката, в която се намира в момента Статус (Текущо местоположение) Дата на вписване в системата Местоположение - отдел Цена в лева Инвентарен номер Систематично азбучна сигнатура Баркод Номер на екземпляра Цена в евро Служебна бележка Служебен тип на артикула
  Не е изгубен Universal Decimal Classification Не е повреден без рестрикции ползва се в читалня 233928 Регионална библиотека "Любен Каравелов" Русе Регионална библиотека "Любен Каравелов" Русе Хранилище 1960-01-01 Хранилище 0.50 13032/60 Цб 262133 900000103914 1 0.26 Дост: Dp Вид: Д N: стар фонд Дата: 01.01.1960 Книги
Vip Innovations Ltd, Rousse, Bulgaria 2025